The Ultimate Warriors Quiz: Cats of the Clans - Statistics

General Stats
  • This quiz has been taken 1,550 times
  • The average score is 70 of 120
Answer Stats
Description Warrior % Correct
This former kittypet had flame-colored fur and was the leader of ThunderClan. Firestar
100%
The leader after Firestar, this dark brown tom is mate to Squirrelflight. Bramblestar
94%
Firestar's best friend, this grey tom was deputy before Bramblestar. Graystripe
93%
The mate of ^, this sand-colored queen was never deputy, but was a loyal warrior. Sandstorm
92%
Brother to ^. Gray tom who is blind. Also one of the Three, his power was seeing other cats' emotions. Jayfeather
85%
Pinestar's son. Known Dark Forest warrior, this evil cat was killed by both Scourge and Firestar. Tigerstar/Tigerclaw
85%
Rowanstar's son. Leader after him, this cat was mate to Dovewing. Tigerstar/Tigerheart
85%
Leader of ThunderClan after Sunstar. Blue-furred queen. Bluestar
83%
Sister to both above cats. Not one of the Three. Black-furred she-cat. Hollyleaf
83%
The first leader of SkyClan. Clear Sky
82%
Yellowish-orange tom. One of the Three, his power was that he couldn't be beaten in battle. Lionblaze
82%
Former leader of RiverClan. Broke his jaw when he was a kit and it never healed properly. Crookedstar
80%
Sister to ^. Mother of 2/3 of the Three. Named after Spottedleaf. Leafpool
80%
Bluestar's daughter who became leader of RiverClan after Leopardstar. Mistystar
80%
Firestar's daughter. Has his same fur color. Mate to Bramblestar. Squirrelflight
80%
Leader after Raggedstar. A confirmed Dark Forest warrior, he killed his own father and Ferncloud, among others. Brokenstar
78%
One of the Three. Mate of Tigerheart. Her power was hearing and seeing far-away things. Dovewing
78%
Strong, brave yellowish-orange tom. Bluestar's deputy after Redtail. Lionheart
78%
Graystripe and Firestar's best friend. Lived with Barley on his farm for a very long time. Ravenpaw
78%
Mate to ^. Broke the warrior code by being ^'s mate. Bad-tempered old gray medicine cat. Yellowfang
78%
Firestar's nephew. White-furred tom. Mate of Brightheart. Cloudtail
77%
Mate to ^. Dark gray tom from WindClan. Father of Breezepelt. Crowfeather
77%
Sister to ^. Spied on the Dark Forest warriors before the Great Battle. Ivypool
77%
Leader of ShadowClan before Brokenstar. Killed by his own deputy (who was also his son.) Raggedstar
77%
Clear Sky's second mate. Mother of Thunder. Storm
77%
Bramblestar's half-brother. Confirmed Dark Forest warrior. Killed Hollyleaf and took one of Firestar's lives. Hawkfrost
76%
Leader of WindClan before Onestar Tallstar
76%
Firestar's first apprentice. Sister of ^. The ThunderClan medicine cat after Yellowfang. Cinderpelt
75%
Tigerstar's father. Leader of ThunderClan before Sunstar. Left ThunderClan to become a kittypet. Pinestar
75%
Medicine cat before ^. A pretty young tortoiseshell she-cat. Spottedleaf
75%
Snowfur's son, Bluestar's nephew, and Firestar's first deputy. White-furred tom who was killed by Bone. Whitestorm
75%
Killed by ^ over a secret about ^'s mother. Dark gray tom. Ashfur
74%
Graystripe's son. Lived in RiverClan, ThunderClan, and the Tribe of Rushing Water. Mate to Brook. Stormfur
74%
Crowfeather and Nightcloud's son. Fought on the side of the Dark Forest warriors in the Great Battle. Breezepelt
73%
Graystripe's first mate. Mother of Stormfur and Feathertail. Crookedstar's daughter. Silverstream
73%
Brother to ^. A gray tom who was killed because he was half-Clan. Stonefur
73%
Silverstream's daughter. Killed while saving the Tribe of Rushing Water from Sharptooth. Feathertail
71%
Cat who sent Crookedstar down a dark path. Also killed Spottedleaf and is a confirmed Dark Forest warrior. Mapleshade
71%
Sister of ^. RiverClan's medicine cat. Doesn't believe in StarClan. Mothwing
71%
Father of the above three cats. Bluestar's mate and Crookedstar's brother. Oakheart
71%
The first leader of ThunderClan Thunder
71%
Leader of ShadowClan after Tigerstar. Blackstar
70%
Cloudtail's mate. Has no site in one eye because of an attack by the dog pack. Brightheart
70%
Leader of WindClan before Harestar Onestar
70%
Sister of ^. A white queen. Killed on the Thunderpath. Mother to Whitestorm. Snowfur
70%
The first leader of ShadowClan Tall Shadow
70%
Old ThunderClan elder as of "Into the Wild." White-furred she-cat who is blind in one eye. One-eye
69%
Mousefur's denmate. Made the Great Journey while blind. Longtail
68%
Mate of Graystripe after Silverstream. Mother of ^, ^^, and ^^^. Former kittypet. Millie
68%
The reincarnation of Cinderpelt. Mentor of Ivypool. Cinderheart
67%
Clear Sky's brother. Former leader of WindClan. Gray Wing
67%
Mate of ^. Black queen from WindClan. Mother of Breezepelt. Nightcloud
67%
Bluestar's deputy before Lionheart. Redtail
67%
Cream-furred tom who is missing most of his tail. One of Daisy's kits. Berrynose
66%
Killed by Brokenstar in the Great Battle. Mate to Dustpelt. Ferncloud
66%
Sister of both above cats. Died of the cold on the way to RiverClan. Mosskit
66%
Dusky brown she-cat. Warrior in the time of Bluestar. Died in the Great Battle as an elder. Mousefur
66%
The first leader of RiverClan River Ripple
66%
Mate of Ferncloud. Distraught by her death. Killed in battle with kittypets in ShadowClan territory. Dustpelt
65%
Confirmed Dark Forest warrior. Tigerstar's first apprentice. Tried to poison Sorreltail when she was just a kit. Darkstripe
64%
Leader of ThunderClan after Pinestar. Only received eight lives. Sunstar
63%
The first leader of WindClan Wind Runner
63%
Current leader of WindClan Harestar
62%
Leader of ShadowClan before Tigerstar and after Brokenstar. Did not receive nine lives. Nightstar
62%
A cat who lived near the old forest. Mentor of Ravenpaw after he left ThunderClan. Barley
61%
Cat who protected Hollyleaf when she got lost in the tunnels. Fallen Leaves
61%
Mate of ^. Confirmed Dark Forest warrior. Mentor to Tigerstar. Thistleclaw
61%
Medicine cat after Jayfeather. Bramblestar's son. Alderheart
60%
Stormfur's mate. Sister-in-law to ^. Mother of Pine and Lark. Brook
60%
ShadowClan's medicine cat after Sagewhisker. Has a perpetual cold. Runningnose
60%
Killed by Tigerstar. One of the fastest ThunderClan cats ever. Runningwind
60%
Daughter of Cloudtail and Brightheart. Mother to Dovewing and Ivypool. Whitewing
60%
Graystripe's first apprentice. Brother of Cinderpelt. Brackenfur
58%
Died of wounds after the Great Battle. Survived Darkstripe's attempt to poison her when she was just a kit. Leafpool's best friend. Sorreltail
58%
Crippled she-cat. Millie's daughter. Briarlight
55%
^'s former medicine cat apprentice. Drowned in the lake. Flametail
54%
Leader of ShadowClan after Blackstar. Rowanstar
54%
Brother of ^ and ^^. Mate of Dovewing for a short time. Bumblestripe
53%
Killed by Feathertail Sharptooth
53%
Leader of RiverClan before Crookedstar Hailstar
51%
Medicine cat of RiverClan before ^. Old brown tom who was a former warrior. Mudfur
51%
Known Dark Forest warrior. A senior warrior in the time of Brokenstar. Killed Spottedleaf and stole Frostfur's kits. Killed by Graystripe. Clawface
50%
Mother of Ashfur. Killed by Tigerstar to give the dog pack a taste for cats. Brindleface
49%
Cat who loved ^. Killed by a snake in the ThunderClan camp. Honeyfern
48%
Brother to both of the above cats, this gray tom twisted his paw in a tree accident. Jagged Peak
48%
Sister of ^. Trained with Ivypool in the Dark Forest. Blossomfall
47%
ShadowClan's medicine cat after ^. Former warrior. Littlecloud
46%
Sister of ^. Mate of Berrynose. Poppyfrost
46%
Ivypool's father. Trained with her in the Dark Forest. Birchfall
45%
The cat who many thought was Bluestar's mate. Died of starvation in "Bluestar's Prophecy." Thrushpelt
45%
ThunderClan elder in the time of Bluestar. Formerly known as Sparrowpelt. Halftail
44%
RiverClan deputy before Crookedstar. Also father to ^. Shellheart
41%
This cat, who is ^'s brother, blamed his death on Jayfeather. Dawnpelt
40%
Leader of WindClan before Tallstar Heatherstar
40%
Clear Sky's third mate. Daughter of One Eye. Star Flower
40%
Blinded by an adder while trying to kill Mapleshade. Frecklewish
39%
The second leader of WindClan Gorsestar
38%
Gray Wing's mate. A gray queen. Slate
36%
RiverClan's medicine cat in the times of Hailstar. One of Crookedstar's best friends. Brambleberry
35%
A ThunderClan elder who was killed by Blackstar in "Into the Wild." Rosetail
33%
Crookedstar's mate. Mother to Silverstream. Willowbreeze
32%
Clear Sky's first mate. Killed on the journey of the Sun Trail. Bright Stream
31%
Denmate of ^ and ^^. An old calico queen. Dappletail
31%
Denmate of ^ when they were elders. Black-and-white spotted tom. Patchpelt
31%
Leader of ShadowClan before Raggedstar Cedarstar
30%
ThunderClan's first deputy Lightning Tail
30%
This RiverClan warrior died fighting the beavers. Rippletail
30%
Killed by the badgers when they overrun the ThunderClan camp. Not a medicine cat. Sootfur
29%
^'s brother. Died in a forest fire that ravaged SkyClan territory. Moon Shadow
28%
Leader of ThunderClan before Pinestar. Oakstar
28%
The first leader of the journeying cats, and the first cat to get hit by a monster. Shaded Moss
28%
Apprentice who falls off of a cliff during the Great Journey. ShadowClan. Smokepaw
25%
Died of wounds after the Great Battle. Russet-furred tom. Foxleap
24%
Clanmate of ^ who also helped fight the beavers, but didn't die. Petalfur
24%
Frecklewish's brother Birchface
23%
^'s sister. White-furred she-cat. Icecloud
23%
Killed by Lionblaze in the Great Battle. Mentor of Redwillow (when training in the Dark Forest.) Shredtail
13%
The oldest warrior in the Dark Forest when Ivypool is branded as a warrior there. Maggottail
11%
Killed by Hawkfrost in the Dark Forest, so he is stuck there forever. Beetlewhisker
8%
The ShadowClan representative in the Great Battle. Applefur
7%
No matching quizzes found
Score Distribution
Percent of People with Each Score
Percentile by Number Answered
Your Score History
You have not taken this quiz